[Event "Crema op 09th"]
[Site "Crema"]
[Date "2007.09.07"]
[Round "2"]
[White "Colzi, Dante"]
[Black "Valsecchi, Alessio"]
[Result "0-1"]
[WhiteElo "1905"]
[BlackElo "2175"]
[PlyCount "68"]
[EventDate "2007.09.07"]
[EventType "swiss"]
[EventRounds "6"]
[EventCountry "ITA"]
[SourceTitle "EXT 2009"]
[Source "ChessBase"]
[SourceDate "2008.11.26"]
[SourceVersion "1"]
[SourceVersionDate "2008.11.26"]
[SourceQuality "1"]

1. e4 c5 2. Nc3 Nc6 3. g3 g6 4. Bg2 Bg7 5. d3 e6 6. f4 Nge7 7. Nf3 0-0 8. 0-0 Rb8 9. Be3 d6 10. a4 a6 11. Qd2 b5 12. axb5 axb5 13. Nd1 Nd4 14. Qf2 Nec6 15. c3 Nb3 16. Ra2 b4 17. e5 Ne7 18. Qc2 Nd4 19. Qf2 Nxf3+ 20. Bxf3 Nf5 21. d4 cxd4 22. Bxd4 Nxd4 23. cxd4 f6 24. Qe3 fxe5 25. dxe5 dxe5 26. fxe5 Rb5 27. Ra8 Rxe5 28. Qc1 Rc5 29. Qb1 Rcf5 30. Qc1 Bd4+ 31. Kg2 Rxf3 32. Rxf3 Qd5 33. Rxc8 Qxf3+ 34. Kh3 Qf1+ 0-1